| 000 | 00813nam a22002650a 4500 | ||
|---|---|---|---|
| 001 | PT21709 | ||
| 003 | AR-LpoUNG | ||
| 005 | 20210131233024.0 | ||
| 008 | 191001s1995||||ag |||||||||||||||||spa d | ||
| 020 |
_a8424916794 _c$22,33 |
||
| 040 |
_aAR-LpoUNG _bspa _cAR-LpoUNG _eaacr |
||
| 041 | _aspa | ||
| 044 | _aag | ||
| 082 | 0 | _a410 843lin | |
| 100 | 1 | _aMoreno Cabrera, Juan Carlos | |
| 245 | 1 | 3 | _aLa lingüística teórico - tipológica |
| 260 |
_aMadrid : _bGredos, _c1995. |
||
| 300 |
_a194 p. : _btbls. |
||
| 520 | _aOfrece al lector interesado un acceso rápido a una gran cantidad de información que normalmente sólo eesulta asequible para un grupo pequeño de especialistas. | ||
| 650 | 4 | _aCIENCIAS SOCIALES | |
| 650 | 4 | _aLENGUAS | |
| 650 | 4 | _aLINGUISTICA | |
| 905 | _a21709 | ||
| 942 | _cLSALA | ||
| 999 |
_c18738 _d18738 |
||